| 000 | 02145cam a2200349 a 4500 | ||
|---|---|---|---|
| 001 | 15915427 | ||
| 003 | OSt | ||
| 005 | 20210414114456.0 | ||
| 008 | 090921s2011 nyua b 001 0 eng | ||
| 010 | _a 2009039039 | ||
| 020 | _a9780073523323 (hc : alk. paper) | ||
| 020 | _a9780071289597 (pbk. : IE) | ||
| 020 | _a0073523321 (hc : alk. paper) | ||
| 020 | _a0071289593 (pbk. : IE) | ||
| 035 | _a(OCoLC)ocn436031093 | ||
| 040 |
_aDLC _cDLC _dBTCTA _dC#P _dBWX _dYDXCP _dSIRPL _dDLC |
||
| 050 | 0 | 0 | _aQA76.9.D3.S5637. |
| 082 | 0 | 0 |
_a005.74 _222 |
| 100 | 1 | _aSilberschatz, Abraham. | |
| 245 | 1 | 0 |
_aDatabase system concepts. / _cAbraham Silberschatz |
| 250 | _a6th ed. | ||
| 260 |
_aNew York: _bMcGraw-Hill, _c2011. |
||
| 300 |
_axxvi,1349 p.: _bill.; _c25cm. |
||
| 500 | _aIncludes bibliographical references and index. | ||
| 505 | _a Contents: Introduction -- Relational databases: Introduction to the relational model -- Introduction to SQL -- Intermediate SQL -- Advanced SQL -- Formal relational query languages -- Database design: Database design and the E-R model -- Relational database design -- Application design and development -- Data storage and querying: Storage and file structure -- Indexing and hashing -- Query processing -- Query optimization -- Transaction management: Transactions -- Concurrency control -- Recovery system -- System architecture: Database-system architectures -- Parallel databases -- Distributed databases -- Data warehousing, data mining, and information retrieval: Data warehousing and mining -- Information retrieval -- Specialty databases: Object-based databases -- XML -- Advanced topics: Advanced application development -- Spatial and temporal data and mobility -- Advanced transaction processing -- Case studies: PostgreSQL -- Oracle -- IBM DB2 universal database -- Microsoft SQL server. | ||
| 650 | 0 | _aDatabase management. | |
| 700 | 1 | _aKorth, Henry F. | |
| 700 | 1 | _aSudarshan, S. | |
| 906 |
_a7 _bcbc _corignew _d1 _eecip _f20 _gy-gencatlg |
||
| 942 |
_2lcc _cBK |
||
| 999 |
_c5669 _d13169 |
||